Commonly Used Abbreviations in Singapore - Statistics

General Stats
  • This quiz has been taken 633 times
  • The average score is 30 of 68
Answer Stats
Hint Answer % Correct
NS National Service
88%
PSLE Primary School Leaving Examination
81%
MBS Marina Bay Sands
80%
NDP National Day Parade
80%
LKY Lee Kuan Yew
79%
BMT Basic Military Training
77%
PAP Peoples Action Party
77%
CBD Central Business District
76%
SAF Singapore Armed Forces
74%
PR Permanent Resident
73%
MRT Mass Rapid Transit
71%
NPCC National Police Cadet Corps
71%
NUH National University Hospital
71%
NCC National Cadet Corps
70%
BTO Build to Order
68%
SCDF Singapore Civil Defence Force
68%
SGH Singapore General Hospital
68%
WP Workers Party
66%
CGH Changi General Hospital
65%
USS Universal Studios Singapore
65%
GST Goods and Services Tax
61%
CCA Co Curricular Activities
59%
TTSH Tan Tock Seng Hospital
59%
OCS Officer Cadet School
58%
COE Certificate of Entitlement
57%
ERP Electronic Road Pricing
55%
SPF Singapore Police Force
54%
SPH Singapore Press Holdings
49%
RSAF Republic of Singapore Air Force
48%
CNB Central Narcotics Bureau
46%
IP Integrated Programme
46%
RWS Resorts World Sentosa
46%
ORD Operationally Ready Date
42%
NTUC National Trade Union Congress
41%
SIA Singapore International Airlines
39%
GEP Gifted Education Programme
38%
LRT Light Rail Transit
38%
TP Traffic Police
37%
SDP Singapore Democratic Party
36%
RSN Republic of Singapore Navy
35%
NCDCC National Civil Defence Cadet Corps
33%
NRIC National Registration Identity Card
32%
OCBC Overseas Chinese Banking Corporation
31%
DBS Development Bank of Singapore
30%
CWO Corrective Work Order
29%
EC Executive Condominium
29%
PDL Provisional Driving License
29%
CID Criminal Investigation Department
27%
FT Foreign Talent
26%
IR Integrated Resort
25%
ROM Registry of Marriages
24%
SJAB St Johns Ambulance Brigade
23%
GRC Group Representation Constituency
22%
ISA Internal Security Act
22%
SAM Singapore Art Museum
22%
NSP National Solidarity Party
21%
KKH Kandang Kerbau Hospital
19%
FAS Football Association of Singapore
18%
SMC Single Member Constituency
18%
ACM Asian Civilisations Museum
16%
CIP Community Involvement Project
15%
CPIB Corrupt Practices Investigation Bureau
15%
SINDA Singapore Indian Development Association
9%
CDAC Chinese Development Assistance Council
8%
MUIS Majlis Ugama Islam Singapura
8%
SAP Special Assistance Plan
8%
DBSS Design Build and Sell Scheme
7%
SDU Social Development Unit
5%
No matching quizzes found
Score Distribution
Percent of People with Each Score
Percentile by Number Answered
Your Score History
You have not taken this quiz